|
|
|
|
| LEADER |
00000cam a2200000 a 4500 |
| 001 |
61450 |
| 003 |
CZ-ZlUTB |
| 005 |
20240829144653.0 |
| 007 |
ta |
| 008 |
110927s2011 xr a f m 000 0 cze |
| 015 |
|
|
|a cnb002225486
|
| 020 |
|
|
|a 9788074540592
|q (brož.)
|
| 040 |
|
|
|a ABA001
|b cze
|d ZLD002
|
| 041 |
0 |
|
|a cze
|b eng
|
| 072 |
|
7 |
|a 658
|x Řízení a správa podniku
|2 Konspekt
|9 4
|
| 080 |
|
|
|a 331.103
|2 MRF
|
| 080 |
|
|
|a 005.95/.96
|2 MRF
|
| 080 |
|
|
|a 658.5-025.21
|2 MRF
|
| 080 |
|
|
|a 005.332.1
|2 MRF
|
| 080 |
|
|
|a 331.101.6
|2 MRF
|
| 080 |
|
|
|a (043.3)
|2 MRF
|
| 080 |
|
|
|a (048.3)
|2 MRF
|
| 100 |
1 |
|
|a Sejkorová, Božena,
|d 1960-
|7 jo2011661071
|4 dis
|
| 245 |
1 |
0 |
|a Organizace práce, moderní výrobní systémy a zvyšování výkonnosti operátorů =
|b Work organisation, modern production systems and increasing the efficiency of operators : teze disertační práce /
|c autor Božena Sejkorová ; školitel Aleš Gregar
|
| 246 |
3 |
1 |
|a Work organisation, modern production systems and increasing the efficiency of operators
|
| 260 |
|
|
|a Zlín :
|b Univerzita Tomáše Bati ve Zlíně,
|c 2011
|
| 300 |
|
|
|a 42 s. :
|b il. ;
|c 21 cm
|
| 490 |
1 |
|
|a Teze disertační práce =
|a Doctoral thesis summary
|
| 500 |
|
|
|a "Obor 6208V038 Management a ekonomika"
|
| 500 |
|
|
|a 30 výt.
|
| 502 |
|
|
|a Teze disertační práce (Ph.D.)--Univerzita Tomáše Bati ve Zlíně, Fakulta managementu a ekonomiky, 2011
|
| 504 |
|
|
|a Obsahuje bibliografie a bibliografické odkazy
|
| 546 |
|
|
|a Anglické resumé
|
| 650 |
0 |
7 |
|a organizace práce
|7 ph123800
|2 czenas
|
| 650 |
0 |
7 |
|a personální management
|7 ph115721
|2 czenas
|
| 650 |
0 |
7 |
|a výrobní systémy
|7 ph127454
|2 czenas
|
| 650 |
0 |
7 |
|a výkonnost podniku
|7 ph118506
|2 czenas
|
| 650 |
0 |
7 |
|a pracovní výkon
|7 ph234813
|2 czenas
|
| 650 |
0 |
9 |
|a work design
|2 eczenas
|
| 650 |
0 |
9 |
|a personnel management
|2 eczenas
|
| 650 |
0 |
9 |
|a manufacturing systems
|2 eczenas
|
| 650 |
0 |
9 |
|a industrial productivity
|2 eczenas
|
| 650 |
0 |
9 |
|a work performance
|2 eczenas
|
| 655 |
|
7 |
|a disertace
|7 fd132024
|2 czenas
|
| 655 |
|
7 |
|a teze
|7 fd133701
|2 czenas
|
| 655 |
|
9 |
|a dissertations
|2 eczenas
|
| 655 |
|
9 |
|a abstracts
|2 eczenas
|
| 700 |
1 |
|
|a Gregar, Aleš,
|d 1945-
|7 mzk2002102593
|4 ths
|
| 710 |
2 |
|
|a Univerzita Tomáše Bati ve Zlíně.
|b Fakulta managementu a ekonomiky
|7 kn20010709196
|
| 810 |
2 |
|
|a Univerzita Tomáše Bati ve Zlíně.
|t Teze disertační práce
|
| 910 |
|
|
|a ZLD002
|
| 952 |
|
|
|0 0
|1 0
|2 udc
|4 0
|6 KSEJKOROVÁB
|7 0
|8 MANUS
|9 112193
|a UTBZL
|b UTBZL
|c 037
|d 2011-10-24
|l 0
|o K/SEJKOROVÁ,B.
|p 420010140714
|r 2019-08-26 00:00:00
|v 50.00
|w 2019-08-26
|x N: povinný výtisk; | 20100831
|y 01
|
| 992 |
|
|
|a BK
|b SK
|
| 901 |
|
|
|f [1. vyd.]
|o 20111005
|
| 998 |
|
|
|a 004993446
|
| 999 |
|
|
|c 61450
|d 61450
|